Algae as ecological indicators
This books consists of the following many parts such as freshwater ecosystems, marine ecosystems, terrestrial ecosystems, toxi substances heavy metals and vitamins, industrial applications, modeling.
Сохранить в:
| Формат: | |
|---|---|
| Язык: | Undetermined |
| Опубликовано: |
London
Academic Press
1984
|
| Предметы: | |
| Метки: |
Добавить метку
Нет меток, Требуется 1-ая метка записи!
|
| Thư viện lưu trữ: | Trung tâm Học liệu Trường Đại học Cần Thơ |
|---|
| LEADER | 00686nam a2200193Ia 4500 | ||
|---|---|---|---|
| 001 | CTU_141861 | ||
| 008 | 210402s9999 xx 000 0 und d | ||
| 082 | |a 579.8 | ||
| 082 | |b A394 | ||
| 245 | 0 | |a Algae as ecological indicators | |
| 245 | 0 | |c Edited by L. Elliot Shubert | |
| 260 | |a London | ||
| 260 | |b Academic Press | ||
| 260 | |c 1984 | ||
| 520 | |a This books consists of the following many parts such as freshwater ecosystems, marine ecosystems, terrestrial ecosystems, toxi substances heavy metals and vitamins, industrial applications, modeling. | ||
| 650 | |a Algae | ||
| 650 | |x Ecology | ||
| 904 | |i Bạch Trúc | ||
| 980 | |a Trung tâm Học liệu Trường Đại học Cần Thơ | ||